ASME 2012 Conference on Smart Materials, Adaptive Structures and Intelligent Systems - Volume 1: Development and Characterization of Multifunctional Materials; Modeling, Simulation and Control of Adaptive Systems; Structural Health Monitoring

Dettagli Bibliografici
Natura: Elettronico Periodico
Lingua:English
Pubblicazione: ASME
Accesso online:Full text available on ASME[2012-2012]
Off-campus access
LEADER 01141cas a2200181 a 4500
001 AALConferenceProceedingsASME000024
008 230101c9999 xx r poo 0 0eng d
020 |a 978-0-7918-4509-7 
040 |a BD-DhAAL  |c BD-DhAAL 
245 0 0 |h [electronic resource]  |a ASME 2012 Conference on Smart Materials, Adaptive Structures and Intelligent Systems - Volume 1: Development and Characterization of Multifunctional Materials; Modeling, Simulation and Control of Adaptive Systems; Structural Health Monitoring 
260 |b ASME 
300 |a 1 online resource 
500 |a <strong>Off-Campus Access:</strong> Athens ID and Password Required 
500 |a <strong>On-Campus Access:</strong> No User ID or Password Required 
506 |a Electronic access restricted to authorized BRAC University faculty, staff and students 
538 |a Mode of access: Internet 
856 4 0 |z Full text available on ASME[2012-2012]  |u https://asmedigitalcollection.asme.org/SMASIS/SMASIS2012/volume/45097 
856 4 0 |z Off-campus access  |u https://go.openathens.net/redirector/bracu.ac.bd?url=https%3A%2F%2Fasmedigitalcollection.asme.org%2FSMASIS%2FSMASIS2012%2Fvolume%2F45097